| 000 | 00502nam a22001817a 4500 | ||
|---|---|---|---|
| 003 | CEME | ||
| 005 | 20210628205941.0 | ||
| 008 | 210209b xxu||||| |||| 00| 0 eng d | ||
| 020 | _a1-56604-234-8 | ||
| 040 | _c. | ||
| 082 | _a004.6 MAG | ||
| 100 |
_aJones, Paul Matthews, R. Douglas Magid, Jonathan _977615 |
||
| 245 | _aThe web server book | ||
| 260 |
_aUSA _bVENTANA PRESS _c1995 |
||
| 300 | _a640P | ||
| 650 |
_aWEB SERVER WORLD WIDE WEB-INFORMATION RETRIEVEL SYSTEM _977616 |
||
| 942 |
_cBK _2ddc |
||
| 999 |
_c582860 _d582860 |
||